000 00604nam a2200229Ia 4500
003 OSt
005 20220923230745.0
006 a|||||r|||| 00| 0
007 ta
008 Pun
024 _a305,325
037 _cTextual
040 _aARTS
_cARTS
_bPun
041 _2Pun
_aPun
082 _aV2:594, 153K7
100 _aਧਰਮ ਪਾਲ
245 0 _aਭਾਰਤੀ ਸੈਨਾ ਦੀਆਂ ਪਰੰਪਰਾਵਾਂ
260 _c1967
650 _aਭਾਰਤੀਯ ਇਤਿਹਾਸ
942 _hV2:594, 153K7
_cTEXL
_2CC
999 _c387128
_d387128